[Event "FRA-chT2 0910"]
[Site "France"]
[Date "2009.12.13"]
[Round "6.4"]
[White "Gachon, Lionel"]
[Black "Garrido, Denis"]
[Result "1/2-1/2"]
[WhiteElo "2288"]
[BlackElo "2294"]
[PlyCount "30"]
[EventDate "2009.09.27"]
[EventType "team-tourn"]
[EventRounds "11"]
[EventCountry "FRA"]
[SourceTitle "EXT 2011"]
[Source "ChessBase"]
[SourceDate "2010.11.26"]
[SourceVersion "1"]
[SourceVersionDate "2010.11.26"]
[SourceQuality "1"]

1. d4 Nf6 2. Nf3 c5 3. d5 d6 4. Nc3 g6 5. e4 Bg7 6. Bb5+ Bd7 7. a4 0-0 8. h3 Na6 9. 0-0 Nc7 10. Bxd7 Nxd7 11. Nd2 e6 12. dxe6 fxe6 13. Nc4 Bxc3 14. bxc3 d5 15. Nd6 Qf6 1/2-1/2

[Event "FRA-chT2 South 0809"]
[Site "France"]
[Date "2009.01.17"]
[Round "5.1"]
[White "Favarel, Julien"]
[Black "Gachon, Lionel"]
[Result "1/2-1/2"]
[WhiteElo "2288"]
[BlackElo "2298"]
[PlyCount "88"]
[EventDate "2008.10.12"]
[EventType "team-tourn"]
[EventRounds "11"]
[EventCountry "FRA"]
[SourceTitle "EXT 2010"]
[Source "ChessBase"]
[SourceDate "2010.11.25"]
[SourceVersion "1"]
[SourceVersionDate "2010.11.25"]
[SourceQuality "1"]
[WhiteTeam "Agen"]
[BlackTeam "Ramonville"]
[WhiteTeamCountry "FRA"]
[BlackTeamCountry "FRA"]

1. d4 g6 2. c4 Bg7 3. Nc3 d6 4. e4 Nd7 5. Nf3 e5 6. Be2 Ngf6 7. 0-0 0-0 8. Re1 c6 9. Bf1 a5 10. dxe5 dxe5 11. Na4 Qe7 12. Qc2 Ne8 13. Be3 c5 14. Nc3 Nc7 15. Nd5 Qd8 16. Nxc7 Qxc7 17. Nd2 Nb8 18. Nb1 b6 19. Nc3 Nc6 20. Nd5 Qd8 21. Rad1 f5 22. exf5 gxf5 23. Qc1 Rb8 24. Bh6 Rb7 25. Bxg7 Rxg7 26. Kh1 e4 27. f3 Nd4 28. fxe4 Qh4 29. Qf4 Rg4 30. Qe5 f4 31. Ne7+ Kf7 32. Nxc8 Rxc8 33. Qd5+ Kf8 34. Qd6+ Qe7 35. Qxe7+ Kxe7 36. Rd3 Rcg8 37. h3 Rg3 38. Rxg3 Rxg3 39. Rd1 Ke6 40. Kh2 Ke5 41. Rd3 h5 42. h4 Re3 43. Kg1 Rg3 44. Kf2 Rg4 1/2-1/2

[Event "FRA-chT2 South 0708"]
[Site "France"]
[Date "2007.10.21"]
[Round "1.2"]
[White "Gachon, Lionel"]
[Black "Cousigne, Frederic"]
[Result "1-0"]
[WhiteElo "2282"]
[BlackElo "2209"]
[PlyCount "59"]
[EventDate "2007.10.21"]
[EventType "team"]
[EventRounds "11"]
[EventCountry "FRA"]
[SourceTitle "EXT 2009"]
[Source "ChessBase"]
[SourceDate "2008.11.26"]
[SourceVersion "1"]
[SourceVersionDate "2008.11.26"]
[SourceQuality "1"]
[WhiteTeam "Ramonville"]
[BlackTeam "Bordeaux ASPOM"]
[WhiteTeamCountry "FRA"]
[BlackTeamCountry "FRA"]

1. Nf3 f5 2. g3 Nf6 3. Bg2 e6 4. 0-0 Be7 5. d3 0-0 6. Nbd2 Nc6 7. e4 fxe4 8. dxe4 e5 9. c3 a5 10. a4 Bc5 11. b4 axb4 12. cxb4 Bxb4 13. Nxe5 Kh8 14. Nd3 Bc3 15. Ra3 Bd4 16. Nf3 Bb6 17. e5 Ne4 18. Nh4 d5 19. exd6 Nxd6 20. Nf4 Nf5 21. Nhg6+ hxg6 22. Nxg6+ Kh7 23. Qh5+ Kg8 24. g4 Nh6 25. Bd5+ Kh7 26. Bxh6 gxh6 27. Nxf8+ Qxf8 28. Rf3 Qd6 29. Qf7+ Kh8 30. Qg8# 1-0

[Event "FRA-chT2C 0506"]
[Site "France"]
[Date "2006.04.01"]
[Round "10.4"]
[White "Gachon, Lionel"]
[Black "Sanchez, Nicolas"]
[Result "1-0"]
[WhiteElo "2255"]
[BlackElo "2199"]
[PlyCount "81"]
[EventDate "2005.10.27"]
[EventType "team"]
[EventRounds "11"]
[EventCountry "FRA"]
[SourceTitle "EXT 2006"]
[Source "ChessBase"]
[SourceDate "2005.11.24"]
[SourceVersion "1"]
[SourceVersionDate "2005.11.24"]
[SourceQuality "1"]
[WhiteTeam "Grenoble"]
[WhiteTeamCountry "FRA"]

1. Nf3 Nf6 2. g3 g6 3. b3 Bg7 4. Bb2 d6 5. d4 0-0 6. Bg2 Nc6 7. 0-0 e5 8. dxe5 Ng4 9. Nc3 Ngxe5 10. Qc1 Nxf3+ 11. Bxf3 Nd4 12. Rd1 Nxf3+ 13. exf3 Qf6 14. Kg2 Bd7 15. Rb1 Rae8 16. Nd5 Qd8 17. Bxg7 Kxg7 18. Qb2+ f6 19. c4 Bc6 20. c5 dxc5 21. Nb4 cxb4 22. Rxd8 Rxd8 23. Re1 Rf7 24. g4 Rd5 25. Kg3 a5 26. Re4 Rd3 27. Re3 Rxe3 28. fxe3 h6 29. h4 Kf8 30. Qc2 f5 31. gxf5 Rxf5 32. e4 Re5 33. Qd2 g5 34. Qd8+ Kf7 35. Qxc7+ Ke6 36. Qh7 gxh4+ 37. Kf4 Rc5 38. Qxh6+ Kd7 39. Qxh4 Rc2 40. Qh7+ Ke8 41. Qh5+ 1-0

[Event "FRA-chT2C 0506"]
[Site "France"]
[Date "2005.11.20"]
[Round "3.2"]
[White "Gachon, Lionel"]
[Black "Drenchev, Petar"]
[Result "1/2-1/2"]
[WhiteElo "2255"]
[BlackElo "2428"]
[PlyCount "74"]
[EventDate "2005.10.27"]
[EventType "team"]
[EventRounds "11"]
[EventCountry "FRA"]
[SourceTitle "EXT 2006"]
[Source "ChessBase"]
[SourceDate "2005.11.24"]
[SourceVersion "1"]
[SourceVersionDate "2005.11.24"]
[SourceQuality "1"]
[WhiteTeam "Grenoble"]
[WhiteTeamCountry "FRA"]

1. d4 Nf6 2. Nf3 e6 3. e3 b6 4. Bd3 Bb7 5. 0-0 c5 6. c4 d6 7. Nc3 Nbd7 8. b3 Be7 9. Bb2 a6 10. Qe2 0-0 11. Rad1 Re8 12. Bb1 Bf8 13. Ng5 Qc7 14. d5 exd5 15. Nxd5 Bxd5 16. cxd5 b5 17. f4 h6 18. Qf3 Re7 19. Ne6 fxe6 20. dxe6 Nb6 21. f5 d5 22. g4 Ree8 23. h4 Nh7 24. Qe2 Be7 25. g5 hxg5 26. hxg5 Bxg5 27. f6 Bxe3+ 28. Kh1 Rxe6 29. Bxh7+ Kxh7 30. Qh5+ Bh6 31. Qf5+ g6 32. Qxe6 d4 33. Bc1 Bxc1 34. Rxc1 Qd7 35. Rce1 Qxe6 36. Rxe6 Nd5 37. Rd6 Ne3 1/2-1/2

[Event "FRA-chT1"]
[Site "France"]
[Date "2002.02.03"]
[Round "3.5"]
[White "Touzane, Olivier"]
[Black "Gachon, Lionel"]
[Result "0-1"]
[WhiteElo "2376"]
[BlackElo "2239"]
[PlyCount "54"]
[EventDate "2002.02.??"]
[EventType "team"]
[EventRounds "11"]
[EventCountry "FRA"]
[SourceTitle "EXT 2003"]
[Source "ChessBase"]
[SourceDate "2002.11.25"]
[SourceVersion "1"]
[SourceVersionDate "2002.11.25"]
[SourceQuality "1"]
[WhiteTeam "Montpellier"]
[BlackTeam "Orange"]
[WhiteTeamCountry "FRA"]
[BlackTeamCountry "FRA"]

1. d4 d6 2. c4 e5 3. Nf3 e4 4. Ng5 f5 5. g3 c6 6. Nc3 Be7 7. h4 Nf6 8. Nh3 0-0 9. Qb3 Na6 10. Bf4 Nc7 11. 0-0-0 Kh8 12. h5 a6 13. h6 g6 14. d5 c5 15. Na4 b5 16. Nxc5 bxc4 17. Qxc4 Nb5 18. Nb3 Bb7 19. Kb1 Rc8 20. Qb4 Nxd5 21. Qd2 e3 22. fxe3 Ndc3+ 23. bxc3 Nxc3+ 24. Ka1 Nxd1 25. Rg1 Bf6+ 26. Nd4 Qa5 27. Qxd1 Qc3+ 0-1

[Event "FRA-ch67 corr"]
[Site "France"]
[Date "2002.??.??"]
[Round "?"]
[White "Dienne, Jean"]
[Black "Gachon, Lionel"]
[Result "1/2-1/2"]
[WhiteElo "2226"]
[BlackElo "2188"]
[PlyCount "42"]
[EventDate "2002.01.01"]
[EventType "tourn (corr)"]
[EventRounds "10"]
[EventCountry "FRA"]
[SourceTitle "Corr 2004"]
[Source "ChessBase"]
[SourceDate "2003.04.28"]
[SourceVersion "3"]
[SourceVersionDate "2003.04.28"]
[SourceQuality "1"]

1. d4 d6 2. e4 Nf6 3. Nc3 g6 4. Nf3 c6 5. a4 Bg7 6. h3 0-0 7. Be3 d5 8. e5 Ne4 9. Nxe4 dxe4 10. Ng5 c5 11. dxc5 Qc7 12. Nxe4 Qxe5 13. Nc3 Nc6 14. Bb5 Rd8 15. Qe2 Be6 16. Bxc6 bxc6 17. 0-0 Rdb8 18. Rab1 Rb4 19. Qd2 Rab8 20. Rfd1 a5 21. Ne2 Ba2 1/2-1/2

[Event "FRA-ch67 corr"]
[Site "France"]
[Date "2002.??.??"]
[Round "?"]
[White "Roelens, Rene"]
[Black "Gachon, Lionel"]
[Result "1-0"]
[WhiteElo "2443"]
[BlackElo "2188"]
[PlyCount "59"]
[EventDate "2002.01.01"]
[EventType "tourn (corr)"]
[EventRounds "10"]
[EventCountry "FRA"]
[SourceTitle "Corr 2004"]
[Source "ChessBase"]
[SourceDate "2003.04.28"]
[SourceVersion "3"]
[SourceVersionDate "2003.04.28"]
[SourceQuality "1"]

1. e4 d6 2. d4 Nf6 3. Nc3 g6 4. Nf3 Bg7 5. Be2 0-0 6. 0-0 Bg4 7. Be3 Nc6 8. Qd2 e5 9. d5 Ne7 10. Rad1 Bd7 11. Ne1 b5 12. a3 a5 13. Nd3 Qb8 14. f3 c6 15. dxc6 Nxc6 16. b4 d5 17. Bc5 Re8 18. bxa5 dxe4 19. Nb4 exf3 20. gxf3 Ne7 21. Ne4 Bh3 22. Rf2 Nf5 23. c3 Qb7 24. Qd3 Rec8 25. Bb6 h6 26. Nxf6+ Bxf6 27. f4 e4 28. Qxh3 Rxc3 29. Qg2 Nh4 30. Qh1 1-0

[Event "FRA-chT"]
[Site "France"]
[Date "2001.04.01"]
[Round "7.7"]
[White "Boudre, Jean Pierre"]
[Black "Gachon, Lionel"]
[Result "1-0"]
[WhiteElo "2355"]
[BlackElo "2237"]
[PlyCount "55"]
[EventDate "2001.02.02"]
[EventType "team"]
[EventRounds "11"]
[EventCountry "FRA"]
[SourceTitle "EXT 2002"]
[Source "ChessBase"]
[SourceDate "2001.11.25"]
[SourceVersion "1"]
[SourceVersionDate "2001.11.25"]
[SourceQuality "1"]
[WhiteTeam "Auxerre"]
[BlackTeam "Orange"]
[WhiteTeamCountry "FRA"]
[BlackTeamCountry "FRA"]

1. e4 g6 2. d4 Bg7 3. Nc3 c6 4. Bc4 d6 5. Qf3 e6 6. Nge2 b5 7. Bb3 a5 8. a4 b4 9. Nd1 Ba6 10. Ne3 d5 11. e5 Nd7 12. Nf4 Qb6 13. Qd1 Ne7 14. c4 bxc3 15. bxc3 0-0 16. Rb1 Qa7 17. h4 c5 18. h5 cxd4 19. cxd4 Nc6 20. hxg6 hxg6 21. Nexd5 exd5 22. Nxg6 fxg6 23. Bxd5+ Rf7 24. Bxf7+ Kxf7 25. Qf3+ Ke7 26. Bg5+ Ke8 27. Qxc6 Qxd4 28. Qe6+ 1-0

[Event "FRA-chT"]
[Site "France"]
[Date "2001.03.29"]
[Round "4.6"]
[White "Santo Roman, Marc"]
[Black "Gachon, Lionel"]
[Result "0-1"]
[WhiteElo "2416"]
[BlackElo "2237"]
[PlyCount "77"]
[EventDate "2001.02.02"]
[EventType "team"]
[EventRounds "11"]
[EventCountry "FRA"]
[SourceTitle "EXT 2002"]
[Source "ChessBase"]
[SourceDate "2001.11.25"]
[SourceVersion "1"]
[SourceVersionDate "2001.11.25"]
[SourceQuality "1"]
[WhiteTeam "Montpellier"]
[BlackTeam "Orange"]
[WhiteTeamCountry "FRA"]
[BlackTeamCountry "FRA"]

1. e4 g6 2. d4 Bg7 3. Nf3 d6 4. Bc4 c6 5. Bb3 e6 6. 0-0 Ne7 7. Bf4 d5 8. Nc3 0-0 9. Qd2 Nd7 10. Rfe1 b6 11. a4 Bb7 12. a5 bxa5 13. Bd6 Re8 14. Qf4 Nf6 15. Bc7 Qc8 16. Be5 Nh5 17. Qh4 f6 18. Bd6 Qd7 19. Bc5 Qc7 20. exd5 exd5 21. g4 Nf4 22. Ne4 g5 23. Qg3 Neg6 24. Nd6 Ne2+ 25. Rxe2 Rxe2 26. h4 h6 27. Nxb7 Qxb7 28. Rxa5 Bf8 29. Bxf8 Rxf8 30. Qd6 Nf4 31. Kf1 Qc8 32. Nh2 Rfe8 33. Ra1 Qa6 34. Bxd5+ Kg7 35. Qd7+ R2e7+ 36. Rxa6 Rxd7 37. Bxc6 Rxd4 38. Rxa7+ Kf8 39. Bf3 0-1

[Event "FRA-chT"]
[Site "France"]
[Date "2001.02.02"]
[Round "1.6"]
[White "Miralles, Gilles"]
[Black "Gachon, Lionel"]
[Result "1-0"]
[WhiteElo "2473"]
[BlackElo "2237"]
[PlyCount "55"]
[EventDate "2001.02.02"]
[EventType "team"]
[EventRounds "11"]
[EventCountry "FRA"]
[SourceTitle "EXT 2002"]
[Source "ChessBase"]
[SourceDate "2001.11.25"]
[SourceVersion "1"]
[SourceVersionDate "2001.11.25"]
[SourceQuality "1"]
[WhiteTeam "Monaco"]
[BlackTeam "Orange"]
[WhiteTeamCountry "MNC"]
[BlackTeamCountry "FRA"]

1. e4 c5 2. Nf3 d6 3. c3 Nf6 4. Be2 g6 5. 0-0 Bg7 6. Bb5+ Nbd7 7. Re1 a6 8. Bf1 0-0 9. d4 e5 10. Nbd2 exd4 11. cxd4 cxd4 12. Nxd4 Nc5 13. b4 Nd5 14. exd5 Bxd4 15. Rb1 Bf5 16. Ne4 Bxe4 17. Qxd4 Bxb1 18. Bh6 f6 19. Bxf8 Qxf8 20. bxc5 Bxa2 21. Qd2 Bb3 22. Rb1 Ba4 23. Rxb7 dxc5 24. d6 Bb5 25. Qd5+ Kh8 26. Rf7 Qd8 27. Qb7 Qg8 28. Qe7 1-0

[Event "Cannes op"]
[Site "Cannes"]
[Date "2000.02.24"]
[Round "5"]
[White "Gachon, Lionel"]
[Black "Aguettaz, Maxime"]
[Result "1/2-1/2"]
[WhiteElo "2265"]
[BlackElo "2152"]
[PlyCount "76"]
[EventDate "2000.02.20"]
[EventType "swiss"]
[EventRounds "9"]
[EventCountry "FRA"]
[SourceTitle "EXT 2001"]
[Source "ChessBase"]
[SourceDate "2000.11.22"]
[SourceVersion "1"]
[SourceVersionDate "2000.11.22"]
[SourceQuality "1"]

1. d4 Nf6 2. Bg5 d5 3. Nd2 c5 4. Bxf6 gxf6 5. dxc5 e5 6. Nb3 Be6 7. c3 Nd7 8. e3 a6 9. Bd3 Nxc5 10. Ne2 Nxb3 11. axb3 f5 12. 0-0 Rg8 13. Ng3 f4 14. exf4 exf4 15. Nh1 Bc5 16. Qf3 Qh4 17. Ra4 Rg4 18. h3 Rg7 19. Rxf4 Qxh3 20. Qxh3 Bxh3 21. Re1+ Kf8 22. g3 Re8 23. Rxe8+ Kxe8 24. Bf5 Bxf5 25. Rxf5 h6 26. Rxd5 Rg5 27. Rxg5 hxg5 28. g4 Ke7 29. Kg2 Ke6 30. Ng3 Ke5 31. Kf3 a5 32. Ne4 Be7 33. Nd2 Kd5 34. Nc4 Bd8 35. Ne3+ Ke5 36. Nc4+ Kd5 37. Nd2 Bc7 38. Nc4 Bd8 1/2-1/2

[Event "FRA-chT2S 9900"]
[Site "France"]
[Date "2000.02.06"]
[Round "7"]
[White "Gachon, Lionel"]
[Black "Bolding, Klaus"]
[Result "0-1"]
[WhiteElo "2285"]
[BlackElo "2305"]
[PlyCount "66"]
[EventDate "1999.01.15"]
[EventType "team"]
[EventRounds "7"]
[EventCountry "FRA"]
[SourceTitle "EXT 2002"]
[Source "ChessBase"]
[SourceDate "2001.11.25"]
[SourceVersion "1"]
[SourceVersionDate "2001.11.25"]
[SourceQuality "1"]

1. d4 d5 2. Nf3 e6 3. e3 c5 4. b3 Nf6 5. Bd3 Nc6 6. 0-0 a6 7. Bb2 Qc7 8. a3 b5 9. dxc5 e5 10. Nbd2 e4 11. Bxf6 gxf6 12. Bxe4 dxe4 13. Nxe4 Be7 14. Nd6+ Bxd6 15. cxd6 Qd7 16. a4 b4 17. Qd5 Bb7 18. Rfd1 Rg8 19. e4 0-0-0 20. Ne1 Kb8 21. f3 Ne5 22. Qc5 Rc8 23. Qxb4 f5 24. Qd4 f6 25. c4 fxe4 26. fxe4 Rxg2+ 27. Kxg2 Qf5 28. Qf2 Qxe4+ 29. Kg1 Ng4 30. d7 Nxf2 31. dxc8Q+ Kxc8 32. Kxf2 Qf4+ 33. Ke2 Qxh2+ 0-1

[Event "FRA-chT2S 9900"]
[Site "France"]
[Date "2000.01.16"]
[Round "6"]
[White "Lamorelle, Yves"]
[Black "Gachon, Lionel"]
[Result "1-0"]
[WhiteElo "2171"]
[BlackElo "2285"]
[PlyCount "61"]
[EventDate "1999.01.15"]
[EventType "team"]
[EventRounds "7"]
[EventCountry "FRA"]
[SourceTitle "EXT 2002"]
[Source "ChessBase"]
[SourceDate "2001.11.25"]
[SourceVersion "1"]
[SourceVersionDate "2001.11.25"]
[SourceQuality "1"]

1. e4 c5 2. Nf3 e6 3. c3 d5 4. e5 Nc6 5. d4 Qb6 6. Be2 cxd4 7. cxd4 Nh6 8. Bd3 Nf5 9. Bxf5 exf5 10. Nc3 Be6 11. h4 h6 12. Kf1 Be7 13. Kg1 Rc8 14. Ne2 Kd7 15. Rb1 Rcg8 16. b4 Qd8 17. h5 g5 18. hxg6 fxg6 19. Nf4 g5 20. Nxe6 Kxe6 21. Ne1 Qb6 22. Nd3 Qxd4 23. b5 Nxe5 24. Rh3 Nxd3 25. Rxd3 Qc4 26. Bb2 Rh7 27. Re3+ Kd7 28. Rc1 Qxa2 29. Qc2 Rf8 30. Qc7+ Ke8 31. Rce1 1-0